| 000 | 00839nam0a22002291 4500 | ||
|---|---|---|---|
| 001 | rc\2740669 | ||
| 005 | 20260407054012.0 | ||
| 035 | _a(NLR Aleph) 006867826 | ||
| 090 |
_a6915422 _c6915422 |
||
| 100 | _a20110915d1939 |||y0rusy50 ca | ||
| 101 | 0 | _arus | |
| 102 | _aRU | ||
| 105 | _ay z ||||| | ||
| 200 | 1 |
_aАгроправила основных сельскохозяйственных культур по колхозам Приморского края на 1939 год _fПримор. краев. зем. отдел |
|
| 210 |
_aВладивосток _cБ. и. _d1939 |
||
| 215 |
_a102 с. _d21 см. |
||
| 712 | 0 | 2 |
_aПриморский краевой земельный отдел _3RU\NLR\AUTH\8810024103 _9546327 |
| 801 | 0 |
_aRU _bNLR _gpsbo |
|
| 801 | 1 |
_aRU _bELAR _2rusmarc |
|
| 852 |
_aNLR _j39-3/296 |
||
| 942 | _cBOOK | ||
| 980 | _aNB | ||